000 00982nam a2200301 i 4500
003 DO-SdBNP
005 20240916115935.0
007 ta
008 230413e2010 dr |||gr|||| 001 edspa d
020 _a9789993458937
040 _aDO-SdBNP
_bspa
_cBNPHU
_erda
041 _aspa
082 4 _a923.27293
_bD812k
_222
100 1 _933990
_aKury, Farid,
_d1962-
_eautor
_4aut.
245 1 0 _aJuan Pablo Duarte :
_bel apóstol /
_cFarid Kury
250 _aPrimera edición
264 4 _aSanto Domingo :
_bEditora Centenario,
_c©2010.
300 _a96 páginas :
_c20 cm
336 _atexto
_btxt
_2rdaconten
337 _asin mediación
_bn
_2rdamedia
338 _avolumen
_bn
_2rdacarrier
590 _aInventariado 2023 / MF
600 1 4 _aDuarte, Juan Pablo
_d1813-1876.
_91494
650 4 _aEstadistas
_zRepública Dominicana
_vBiografías
_945404
651 4 _aRepública Dominicana
_xHistoria
_y1844-1930
_91009
910 _aValidado. Control de calidad MFF
942 _2ddc
_cLBS1
999 _c53222
_d53222